00255nam a2200097Ia 4500008004000000082001300040100003300053245002600086260003800112300000700150210210b1986 xxu||||| |||| 00| 0 eng d a346 MATH aMATHEW (P D) & BAKSHI (P M). aHindu succession law. aNDbIndian social institutec1986 a17